<?xml version="1.0" encoding="UTF-8"?>
<record
    xmlns:xsi="http://www.w3.org/2001/XMLSchema-instance"
    xsi:schemaLocation="http://www.loc.gov/MARC21/slim http://www.loc.gov/standards/marcxml/schema/MARC21slim.xsd"
    xmlns="http://www.loc.gov/MARC21/slim">

  <leader>03183nam a2200577Ia 4500</leader>
  <controlfield tag="001">947</controlfield>
  <controlfield tag="008">241029s9999    xx            000 0 und d</controlfield>
  <datafield tag="010" ind1=" " ind2=" ">
    <subfield code="a">867</subfield>
  </datafield>
  <datafield tag="041" ind1=" " ind2=" ">
    <subfield code="a">Espa&#xF1;ol</subfield>
  </datafield>
  <datafield tag="082" ind1=" " ind2=" ">
    <subfield code="a">NO APLICA</subfield>
  </datafield>
  <datafield tag="245" ind1=" " ind2="0">
    <subfield code="a">Incidencias en la Gesti&#xF3;n Educativa de los Organismos de Participaci&#xF3;n en el Nivel Medio, del Distrito 15-01 de los Alcarrizos, 2011-2012.</subfield>
  </datafield>
  <datafield tag="260" ind1=" " ind2=" ">
    <subfield code="a">Santo Domingo</subfield>
  </datafield>
  <datafield tag="300" ind1=" " ind2=" ">
    <subfield code="a">92</subfield>
  </datafield>
  <datafield tag="520" ind1=" " ind2=" ">
    <subfield code="a">30</subfield>
  </datafield>
  <datafield tag="630" ind1=" " ind2=" ">
    <subfield code="a">Calidad Educativa</subfield>
  </datafield>
  <datafield tag="630" ind1=" " ind2=" ">
    <subfield code="a">Estrategia Metodol&#xF3;gica</subfield>
  </datafield>
  <datafield tag="630" ind1=" " ind2=" ">
    <subfield code="a">Gesti&#xF3;n</subfield>
  </datafield>
  <datafield tag="630" ind1=" " ind2=" ">
    <subfield code="a">Integraci&#xF3;n Familiar</subfield>
  </datafield>
  <datafield tag="630" ind1=" " ind2=" ">
    <subfield code="a">Integraci&#xF3;n Social</subfield>
  </datafield>
  <datafield tag="650" ind1=" " ind2=" ">
    <subfield code="a">Gesti&#xF3;n Educativa</subfield>
  </datafield>
  <datafield tag="690" ind1=" " ind2=" ">
    <subfield code="a">Elaborado</subfield>
  </datafield>
  <datafield tag="700" ind1=" " ind2=" ">
    <subfield code="e">asesor</subfield>
    <subfield code="a">Disla, Jos&#xE9; Francisco</subfield>
  </datafield>
  <datafield tag="700" ind1=" " ind2=" ">
    <subfield code="e">autor</subfield>
    <subfield code="a">Alifonso Pichardo, Carmen Zunilda</subfield>
  </datafield>
  <datafield tag="700" ind1=" " ind2=" ">
    <subfield code="e">autor</subfield>
    <subfield code="a">Mart&#xED;nez Acevedo, Eugenio</subfield>
  </datafield>
  <datafield tag="901" ind1=" " ind2=" ">
    <subfield code="a">{"1":"Alifonso Pichardo","2":"Mart&#xED;nez Acevedo"}</subfield>
    <subfield code="b">{"1":"Carmen Zunilda","2":"Eugenio"}</subfield>
  </datafield>
  <datafield tag="902" ind1=" " ind2=" ">
    <subfield code="a">1</subfield>
  </datafield>
  <datafield tag="903" ind1=" " ind2=" ">
    <subfield code="a">{"1":"Disla"}</subfield>
    <subfield code="b">{"1":"Jos&#xE9; Francisco"}</subfield>
  </datafield>
  <datafield tag="904" ind1=" " ind2=" ">
    <subfield code="a">Maestr&#xED;a en</subfield>
  </datafield>
  <datafield tag="905" ind1=" " ind2=" ">
    <subfield code="a">Gesti&#xF3;n de Centros Educativos</subfield>
  </datafield>
  <datafield tag="906" ind1=" " ind2=" ">
    <subfield code="a">2</subfield>
  </datafield>
  <datafield tag="907" ind1=" " ind2=" ">
    <subfield code="a">NO APLICA</subfield>
  </datafield>
  <datafield tag="908" ind1=" " ind2=" ">
    <subfield code="a">NO APLICA</subfield>
  </datafield>
  <datafield tag="909" ind1=" " ind2=" ">
    <subfield code="a">Universidad Aut&#xF3;noma de Santo Domingo (UASD)</subfield>
  </datafield>
  <datafield tag="910" ind1=" " ind2=" ">
    <subfield code="a">NULL</subfield>
    <subfield code="b">NULL</subfield>
  </datafield>
  <datafield tag="911" ind1=" " ind2=" ">
    <subfield code="a">["1"]</subfield>
  </datafield>
  <datafield tag="912" ind1=" " ind2=" ">
    <subfield code="a">NO APLICA</subfield>
  </datafield>
  <datafield tag="913" ind1=" " ind2=" ">
    <subfield code="a">NULL</subfield>
  </datafield>
  <datafield tag="914" ind1=" " ind2=" ">
    <subfield code="a">12 de Julio de 2013</subfield>
  </datafield>
  <datafield tag="915" ind1=" " ind2=" ">
    <subfield code="a">08/06/14 10:06</subfield>
  </datafield>
  <datafield tag="916" ind1=" " ind2=" ">
    <subfield code="a">NULL</subfield>
  </datafield>
  <datafield tag="917" ind1=" " ind2=" ">
    <subfield code="a">NULL</subfield>
  </datafield>
  <datafield tag="918" ind1=" " ind2=" ">
    <subfield code="a">NO APLICA</subfield>
  </datafield>
  <datafield tag="919" ind1=" " ind2=" ">
    <subfield code="a">["29","95","111","123","124"]</subfield>
  </datafield>
  <datafield tag="520" ind1=" " ind2=" ">
    <subfield code="a">El objetivo principal de esta investigaci&#xF3;n consisti&#xF3; en determinar las incidencias en la Gesti&#xF3;n Educativa de los Organismos de Participaci&#xF3;n en el Nivel Medio, del Distrito 15-01 de los Alcarrizos, 2011-2012.La poblaci&#xF3;n estaba conformada por 250 docentes y 8, 975 estudiantes de los cuales se tomo una muestra de 152 docentes y 368 estudiantes del Nivel Medio, del Distrito 15-01 de los Alcarrizos. los m&#xE9;todos utilizados en este estudio fueron el anal&#xED;tico, el deductivo; las t&#xE9;cnicas utilizadas en &#xE9;ste estudio fue la escuela, el instrumento empleado fue un cuestionario.Se pudo confirmar que los organismos est&#xE1;n conformados, solo falta implementar estrategias de participaci&#xF3;n e integraci&#xF3;n donde los distintos sectores tanto interno como externos, puesto que quedo evidenciado que &#xA0; la integraci&#xF3;n de los maestros es de 44%, los estudiantes 49% y los padres un 61%. El estudio revel&#xF3; tambi&#xE9;n que los directores conocen sus funciones en un 68%, los maestros 68%, los estudiantes 64% y los padres 60%.El estudio recomienda &#xA0;socializar con los diferentes organismos la Ley General de Educaci&#xF3;n 66-97, la Ordenanza 09-2000 y la 02-20008 sobre la participaci&#xF3;n, involucrar a los diferentes organismos en la elaboraci&#xF3;n de proyectos e integrarlo en las soluciones de problemas, asumiendo su responsabilidad, adem&#xE1;s de proporcionar encuentro con todos los sectores para afianzar la participaci&#xF3;n involucr&#xE1;ndolos en investigaciones para desarrollar personas capaces de resolver situaciones y sugerir estrategias para obtener una educaci&#xF3;n de calidad. &#xA0;</subfield>
  </datafield>
  <datafield tag="921" ind1=" " ind2=" ">
    <subfield code="a">16</subfield>
  </datafield>
  <datafield tag="922" ind1=" " ind2=" ">
    <subfield code="a">16</subfield>
  </datafield>
  <datafield tag="923" ind1=" " ind2=" ">
    <subfield code="a">0</subfield>
  </datafield>
  <datafield tag="924" ind1=" " ind2=" ">
    <subfield code="a">NO APLICA</subfield>
  </datafield>
  <datafield tag="942" ind1=" " ind2=" ">
    <subfield code="c">Tesis</subfield>
  </datafield>
  <datafield tag="999" ind1=" " ind2=" ">
    <subfield code="c">867</subfield>
    <subfield code="d">867</subfield>
  </datafield>
</record>
